000 01066 am a2200325Ka 4500
001 200459549
003 TR-AnTOB
005 20250508112055.0
007 ta
008 231129s2023 tu 001 0 tur d
020 _a9789750286919
040 _aIU
_beng
_erda
_cIU
_dTR-AnTOB
041 0 _atur
050 _aKKX4610
_b.Ş34 2023c
090 _aKKX4610
_b.Ş34 2023c
100 1 _aŞahin, Cumhur
_eauthor
_9122237
245 1 0 _aCeza muhakemesi hukuku :
_bpratik çalışma kitabı :
_bçözümlü- açıklamalı /
_cCumhur Şahin, Neslihan Göktürk.
250 _aGözden geçirilmiş ve güncellenmiş 5. bası
264 1 _aAnkara :
_bSeçkin,
_c2023.
300 _a743 pages ;
_c24 cm.
336 _atext
_btxt
_2rdacontent
337 _aunmediated
_bn
_2rdamedia
338 _avolume
_bnc
_2rdacarrier
490 1 _aSeçkin Yayınları,
_v2061.
650 0 0 _aCeza yargılaması
_zTürkiye
_9115759
650 0 7 _aCeza hukuku
_zTürkiye
_2etuturkob
_948989
700 1 _aGöktürk, Neslihan
_eyaz.
_9121940
942 _2lcc
_cBK
999 _c200459549
_d77761